000 00378nam a22001457a 4500
999 _c7406
_d7406
003 OSt
005 20190208163313.0
008 190208b ||||| |||| 00| 0 eng d
040 _cDLC
082 _a225.61
245 _aNew Testament Survey /
_cBy Union Biblical Seminary.
260 _aPune, India :
_bCentre For Extension Studies,
_c1992.
300 _a163 p.:
942 _2ddc
_cBK